| 000 | 00953nam a22001935i 4500 | ||
|---|---|---|---|
| 001 | 162146 | ||
| 003 | ES-MaACL | ||
| 005 | 20250930063142.0 | ||
| 008 | 020429s1876 sp |||| | spa d | ||
| 040 |
_aCAM _bspa _cCAM |
||
| 100 | 0 |
_aPina, Mariano, _d1820-1883 _992066 |
|
| 245 | 1 | 0 |
_aCon el credo en la boca _b: comedia en dos actos / _cpor Mariano Pina. |
| 260 |
_aMadrid : _b[Administración Lírico-dramática], _c1876 ( _fImprenta de José Rodriguez) |
||
| 300 |
_a55 p. ; _c2 cm. |
||
| 500 | 1 | _aEn port.: Representada por primera vez en el teatro Español, el 4 de febrero de 1876. | |
| 596 | 1 | _aEn verso de port. consta: "... de la Administración lírico-dramática de Eduardo Hidalgo ..." | |
| 852 |
_aES-MaACL _jD-2492(8) _z-- Enc. hol. conservando la cub. original _z-- Ded. ms. del autor: "Al excelente actor Julian Romea, afectuoso recuerdo de su amigo. Mariano Pina" _z-- Enc. en un vol. facticio |
||
| 999 |
_c162146 _d162146 |
||